10 Państw z największą liczbą stref czasowych - Statystyki

Ogólne statystyki
  • Ten quiz został rozwiązany 26 razy
  • Średni wynik to 8 z 10
Statystyki odpowiedzi
# Państwo % Poprawnych
11 Stany Zjednoczone
100%
11 Rosja
96%
4 Brazylia
91%
6 Kanada
91%
9 Australia
87%
4 Meksyk
78%
12 Francja
74%
9 Wielka Brytania
74%
5 Nowa Zelandia
48%
5 Dania
43%
Nie znaleziono quizów pasujących do podanych kryteriów
Rozkład punktacji
Procent ludzi z każdym wynikiem
Percentyl według liczby udzielonych odpowiedzi
Twoja historia wyników
Nie rozwiązałeś tego quizu